[Event "37th Reykjavik op"]
[Site "Reykjavik ISL"]
[Date "2024.03.19"]
[Round "7.11"]
[White "Nevednichy, Vladislav"]
[Black "Galperin, Platon"]
[WhiteElo "2445"]
[BlackElo "2555"]
[Result "1/2-1/2"]
[EventDate "2024.03.15"]
[PlyCount "72"]

1. c4 {[%eval 16,0]} Nf6 {[%eval 21,0]} 2. Nf3 {[%eval 22,0]} e6 {[%eval 22,0]}
3. g3 {[%eval 13,0]} d5 {[%eval 19,0]} 4. Bg2 {[%eval 22,0]} Be7 {[%eval 31,0]}
5. O-O {[%eval 16,0]} O-O {[%eval 29,0]} 6. b3 {[%eval 0,0]} d4 {[%eval 0,0]}
7. e3 {[%eval 0,0]} c5 {[%eval 23,0]} 8. exd4 {[%eval 13,0]} cxd4 {[%eval 11,0]
} 9. Re1 {[%eval 1,0]} Nc6 {[%eval 8,0]} 10. Ba3 {[%eval 19,0]} a5 {[%eval 21,
0]} 11. d3 {[%eval 53,0]} e5 {[%eval 49,0]} 12. Qd2 {[%eval 69,0]} Nd7 {
[%eval 47,0]} 13. h4 $6 {[%eval -66,0] Inaccuracy. Bxe7 was best.} (13. Bxe7)
13... h6 {[%eval 92,0]} 14. h5 {[%eval -53,0]} Re8 {[%eval -94,0]} 15. Qd1 $6 {
[%eval -155,0] Inaccuracy. Qe2 was best.} (15. Qe2 Nf6 16. Bxe7 Qxe7 17. Nh2
Bf5 18. a3 Nd7 19. g4 Bh7 20. Nd2 Nc5 21. Be4 Nxe4) 15... Bxa3 {[%eval -159,0]}
16. Nxa3 {[%eval -198,0]} Nc5 {[%eval -167,0]} 17. Nh4 {[%eval -152,0]} Nb4 {
[%eval -173,0]} 18. Bf1 {[%eval -144,0]} Qg5 {[%eval -167,0]} 19. Nb5 {[%eval
-101,0]} Bg4 {[%eval -101,0]} 20. Qb1 {[%eval -101,0]} Qd2 $6 {[%eval -187,0]
Inaccuracy. e4 was best.} (20... e4) 21. f3 $6 {[%eval -101,0] Inaccuracy. Qc1
was best.} (21. Qc1 Qxc1 22. Rexc1 Red8 23. Nc7 Nbxd3 24. Bxd3 Nxd3 25. Rd1
Rac8 26. Nd5 Bxd1 27. Rxd1 Rxd5) 21... Bxh5 {[%eval -292,0]} 22. Nc7 {[%eval
-221,0]} Nbxd3 {[%eval -233,0]} 23. Re2 {[%eval -245,0]} Qg5 {[%eval -262,0]}
24. Nxe8 $6 {[%eval -368,0] Inaccuracy. Rg2 was best.} (24. Rg2 e4 25. fxe4 Ne5
26. Qc1 Rad8 27. Nxe8 Rxe8 28. Qxg5 hxg5 29. Nf5 d3 30. a3 Nxb3) 24... Rxe8 {
[%eval -345,0]} 25. Kh2 {[%eval -366,0]} e4 {[%eval -369,0]} 26. a3 {[%eval
-393,0]} f5 {[%eval -361,0]} 27. Bh3 $6 {[%eval -433,0] Inaccuracy. f4 was
best.} (27. f4 Nxf4 28. Rf2 Nce6 29. c5 e3 30. Rxf4 Nxf4 31. Bc4+ Kh8 32. Qxf5
d3 33. Bxd3 Nxd3) 27... Nf4 {[%eval -453,0]} 28. Re1 {[%eval -423,0]} Nxh3 {
[%eval -433,0]} 29. Kxh3 {[%eval -566,0]} Bxf3 {[%eval -599,0]} 30. b4 $4 {
[%eval -32755,0] Checkmate is now unavoidable. Nxf3 was best.} (30. Nxf3 exf3
31. Rxe8+ Kh7 32. Qxf5+ Qxf5+ 33. g4 Qc2 34. Rg1 f2 35. Ra1 d3) 30... Qg4+ {
[%eval -32755,0]} 31. Kh2 {[%eval -32755,0]} f4 {[%eval -32757,0]} 32. Nxf3 {
[%eval -32757,0]} Qxg3+ {[%eval -32759,0]} 33. Kh1 {[%eval -32759,0]} Qxf3+ {
[%eval -32761,0]} 34. Kg1 Re6 35. Ra2 Rg6+ 36. Kh2 Qh5# 1/2-1/2

[Event "37th Reykjavik op"]
[Site "Reykjavik ISL"]
[Date "2024.03.19"]
[Round "7.12"]
[White "Fernandez, Daniel Howard"]
[Black "Lu, Miaoyi"]
[WhiteElo "2532"]
[BlackElo "2392"]
[Result "0-1"]
[EventDate "2024.03.15"]
[PlyCount "33"]

1. d4 {[%eval 15,0]} d5 {[%eval 25,0]} 2. c4 {[%eval 26,0]} e6 {[%eval 28,0]}
3. Nc3 {[%eval 24,0]} Nf6 {[%eval 21,0]} 4. Nf3 {[%eval 0,0]} Nbd7 {[%eval 33,
0]} 5. Qc2 {[%eval 12,0]} dxc4 {[%eval 26,0]} 6. e4 {[%eval 0,0]} c5 {[%eval 2,
0]} 7. d5 {[%eval 18,0]} exd5 {[%eval 12,0]} 8. e5 {[%eval 25,0]} Ng4 $4 {
[%eval 153,0] Blunder. Nxe5 was best.} (8... Nxe5 9. Nxe5 Bd6 10. Qa4+ Nd7 11.
Nf3 d4 12. Nd5 O-O 13. Bxc4 Re8+ 14. Kf1 Ne5 15. Bg5) 9. Bg5 {[%eval 172,0]}
Qa5 {[%eval 187,0]} 10. O-O-O {[%eval 158,0]} Nb6 $6 {[%eval 236,0] Inaccuracy.
h6 was best.} (10... h6 11. Bh4 Be7 12. Bxe7 d4 13. Nd5 Nb6 14. Nxb6 axb6 15.
Bxc4 Kxe7 16. h3 b5 17. Bd5) 11. Bxc4 {[%eval 271,0]} Nxc4 {[%eval 283,0]} 12.
Nxd5 {[%eval 274,0]} b5 $4 {[%eval 574,0] Blunder. Nd6 was best.} (12... Nd6
13. exd6 Bxd6 14. h3 Nxf2 15. Qxf2 Be6 16. Nf6+ gxf6 17. Rxd6 Qxa2 18. Bxf6
Qa1+ 19. Kd2) 13. Qe4 {[%eval 592,0]} f5 {[%eval 583,0]} 14. exf6+ {[%eval 601,
0]} Kf7 {[%eval 614,0]} 15. Bd2 {[%eval 603,0]} Qxa2 16. Ng5+ Kg8 17. f7# 0-1

[Event "37th Reykjavik op"]
[Site "Reykjavik ISL"]
[Date "2024.03.19"]
[Round "7.13"]
[White "Yilmazyerli, Mert"]
[Black "Dauner, Benedikt"]
[WhiteElo "2526"]
[BlackElo "2366"]
[Result "1-0"]
[EventDate "2024.03.15"]
[PlyCount "49"]

1. d4 {[%eval 15,0]} Nf6 {[%eval 16,0]} 2. c4 {[%eval 16,0]} e6 {[%eval 21,0]}
3. Nf3 {[%eval 0,0]} d5 {[%eval 12,0]} 4. Nc3 {[%eval 0,0]} Bb4 {[%eval 18,0]}
5. Bg5 {[%eval 24,0]} h6 {[%eval 18,0]} 6. Bxf6 {[%eval 11,0]} Qxf6 {[%eval 11,
0]} 7. Qa4+ {[%eval 13,0]} Nc6 {[%eval 15,0]} 8. e3 {[%eval 16,0]} O-O {
[%eval 18,0]} 9. Be2 {[%eval 14,0]} dxc4 {[%eval 2,0]} 10. O-O {[%eval 21,0]}
Qe7 {[%eval 19,0]} 11. Bxc4 {[%eval 17,0]} Na5 {[%eval 25,0]} 12. Bd3 {[%eval
26,0]} c5 {[%eval 62,0]} 13. dxc5 {[%eval 44,0]} Bxc3 {[%eval 41,0]} 14. bxc3 {
[%eval 33,0]} Nc6 {[%eval 8,0]} 15. Qb5 {[%eval 44,0]} Rb8 {[%eval 57,0]} 16.
Bc2 {[%eval 66,0]} Bd7 {[%eval 74,0]} 17. Qd3 {[%eval 87,0]} g6 {[%eval 78,0]}
18. h4 {[%eval 66,0]} Rfd8 {[%eval 117,0]} 19. h5 {[%eval 136,0]} Be8 {[%eval
118,0]} 20. Qc4 {[%eval 77,0]} g5 {[%eval 71,0]} 21. Rfd1 {[%eval 84,0]} Na5 {
[%eval 83,0]} 22. Qb4 {[%eval 62,0]} Nc6 {[%eval 6,0]} 23. Qc4 {[%eval 76,0]}
Na5 {[%eval 6,0]} 24. Qb4 {[%eval 5,0]} Nc6 {[%eval 56,0]} 25. Qc4 $6 {[%eval
0,0] Inaccuracy. Qg4 was best.} (25. Qg4) 1-0

[Event "37th Reykjavik op"]
[Site "Reykjavik ISL"]
[Date "2024.03.19"]
[Round "7.14"]
[White "Moksh Amit, Doshi"]
[Black "Prraneeth, Vuppala"]
[WhiteElo "2353"]
[BlackElo "2506"]
[Result "1/2-1/2"]
[EventDate "2024.03.15"]
[PlyCount "105"]

1. Nf3 {[%eval 2,0]} d5 {[%eval 2,0]} 2. e3 {[%eval 4,0]} Nf6 {[%eval 5,0]} 3.
c4 {[%eval 18,0]} e6 {[%eval 17,0]} 4. Nc3 {[%eval 1,0]} c5 {[%eval 18,0]} 5.
cxd5 {[%eval 18,0]} exd5 {[%eval 3,0]} 6. Bb5+ {[%eval 32,0]} Nbd7 {[%eval 15,
0]} 7. d4 {[%eval 19,0]} a6 {[%eval 63,0]} 8. Bxd7+ {[%eval 19,0]} Bxd7 {
[%eval 18,0]} 9. O-O {[%eval 23,0]} Bd6 $6 {[%eval 45,0] Inaccuracy. c4 was
best.} (9... c4 10. Ne5 Be7 11. e4 Be6 12. exd5 Nxd5 13. f4 g6 14. h3 Nxc3 15.
bxc3 Qa5 16. Rb1) 10. dxc5 {[%eval 36,0]} Bxc5 {[%eval 42,0]} 11. b3 {[%eval
37,0]} Bg4 {[%eval 48,0]} 12. Bb2 {[%eval 52,0]} O-O {[%eval 46,0]} 13. h3 {
[%eval 49,0]} Bh5 {[%eval 61,0]} 14. Ne2 {[%eval 6,0]} Bxf3 {[%eval 44,0]} 15.
gxf3 {[%eval 49,0]} Be7 {[%eval 57,0]} 16. Qd3 {[%eval 6,0]} Qd7 {[%eval 61,0]}
17. Kh2 {[%eval 42,0]} Rfd8 {[%eval 5,0]} 18. Rg1 {[%eval 37,0]} a5 {[%eval 72,
0]} 19. Ng3 {[%eval 6,0]} Ra6 {[%eval 105,0]} 20. Nf5 {[%eval 104,0]} Bf8 {
[%eval 101,0]} 21. Nh6+ {[%eval 115,0]} Kh8 {[%eval 101,0]} 22. Ng4 $6 {
[%eval 21,0] Inaccuracy. Qf5 was best.} (22. Qf5 Qd6+ 23. Be5 Qe7 24. Bd4 g6
25. Qg5 Bxh6 26. Qxh6 Kg8 27. Rac1 Ne8 28. Rc5 Qf8) 22... Ne8 {[%eval 31,0]}
23. Ne5 {[%eval 22,0]} Qe7 {[%eval 38,0]} 24. Rg4 {[%eval 8,0]} Re6 {[%eval 51,
0]} 25. f4 {[%eval 54,0]} Nf6 {[%eval 5,0]} 26. Rg2 {[%eval 52,0]} Ne4 {
[%eval 95,0]} 27. Rag1 {[%eval 98,0]} f6 {[%eval 85,0]} 28. Nf3 {[%eval 8,0]}
Ra6 {[%eval 108,0]} 29. Nd4 {[%eval 71,0]} Rd7 {[%eval 105,0]} 30. Qd1 {
[%eval 86,0]} Qe8 {[%eval 107,0]} 31. Kh1 $6 {[%eval 37,0] Inaccuracy. a4 was
best.} (31. a4 Rb6 32. Qg4 Rc7 33. h4 Kg8 34. h5 Qc8 35. Qf3 Kh8 36. h6 g6)
31... a4 {[%eval 38,0]} 32. f5 {[%eval 0,0]} axb3 {[%eval 0,0]} 33. axb3 {
[%eval 1,0]} Ra2 {[%eval 0,0]} 34. f3 {[%eval 0,0]} Ng5 {[%eval 3,0]} 35. h4 {
[%eval 34,0]} Nh3 $4 {[%eval 252,0] Blunder. Nf7 was best.} (35... Nf7) 36. Re1
$2 {[%eval 113,0] Mistake. Rf1 was best.} (36. Rf1 Bd6 37. f4 Qe4 38. Qc2 Re7
39. Ne6 Rxe6 40. fxe6 Qxe6 41. Kh2 d4 42. Qc4 Qxc4) 36... Qh5 {[%eval 91,0]}
37. Ree2 $6 {[%eval 0,0] Inaccuracy. Rh2 was best.} (37. Rh2 Qxh4 38. Ree2 Bd6
39. f4 Re7 40. Rc2 Rc7 41. Rcd2 Bxf4 42. exf4 Qxf4 43. Rxh3 Rxb2) 37... Bd6 {
[%eval 16,0]} 38. Rg4 {[%eval 8,0]} Re7 $4 {[%eval 233,0] Blunder. Ng5 was
best.} (38... Ng5 39. Nb5 Be5 40. Bxe5 Rxe2 41. Qxe2 fxe5 42. Qc2 Rd8 43. f6
Nf7 44. Rxg7 Ng5 45. Qf5) 39. Qb1 {[%eval 216,0]} Ra8 $6 {[%eval 323,0]
Inaccuracy. Rxb2 was best.} (39... Rxb2 40. Qxb2 Ng5 41. Qc3 Be5 42. Qc5 Re8
43. Qb5 Rg8 44. Qxd5 Nf7 45. Reg2 Nh6 46. Re4) 40. Kg2 {[%eval 309,0]} Ng5 {
[%eval 321,0]} 41. hxg5 {[%eval 311,0]} Qh2+ {[%eval 335,0]} 42. Kf1 {[%eval
332,0]} Qh3+ {[%eval 379,0]} 43. Kg1 {[%eval 364,0]} Rae8 {[%eval 416,0]} 44.
Qf1 {[%eval 408,0]} Qh5 {[%eval 403,0]} 45. Ne6 {[%eval 398,0]} Rxe6 {[%eval
382,0]} 46. fxe6 {[%eval 412,0]} f5 {[%eval 401,0]} 47. Rgg2 {[%eval 401,0]} f4
{[%eval 452,0]} 48. Bd4 {[%eval 454,0]} fxe3 {[%eval 405,0]} 49. Rxe3 {[%eval
405,0]} Qh4 {[%eval 443,0]} 50. Qd1 {[%eval 437,0]} Bf4 {[%eval 509,0]} 51.
Ree2 {[%eval 487,0]} Qh5 {[%eval 592,0]} 52. Bxg7+ {[%eval 581,0]} Kg8 {
[%eval 607,0]} 53. Qxd5 {[%eval 601,0]} 1/2-1/2

[Event "37th Reykjavik op"]
[Site "Reykjavik ISL"]
[Date "2024.03.19"]
[Round "7.15"]
[White "Stefansson, Hannes"]
[Black "Heimisson, Hilmir Freyr"]
[WhiteElo "2481"]
[BlackElo "2355"]
[Result "1-0"]
[EventDate "2024.03.15"]
[PlyCount "125"]

1. c4 {[%eval 16,0]} e5 {[%eval 25,0]} 2. Nc3 {[%eval 8,0]} Nf6 {[%eval 7,0]}
3. Nf3 {[%eval 0,0]} Nc6 {[%eval 11,0]} 4. g3 {[%eval 13,0]} Bb4 {[%eval 26,0]}
5. Nd5 {[%eval 0,0]} e4 {[%eval 1,0]} 6. Nh4 {[%eval 19,0]} O-O {[%eval 19,0]}
7. Bg2 {[%eval 14,0]} Re8 {[%eval 14,0]} 8. a3 {[%eval 1,0]} Bc5 {[%eval 29,0]}
9. O-O {[%eval 36,0]} d6 {[%eval 24,0]} 10. d3 $6 {[%eval 33,0] Inaccuracy. b4
was best.} (10. b4) 10... h6 $2 {[%eval 8,0] Mistake. exd3 was best.} (10...
exd3) 11. Nxf6+ {[%eval 88,0]} Qxf6 {[%eval 82,0]} 12. Bxe4 {[%eval 96,0]} Bg4
{[%eval 123,0]} 13. Ra2 {[%eval 112,0]} a5 {[%eval 101,0]} 14. b3 {[%eval 102,
0]} Nd4 {[%eval 99,0]} 15. Be3 {[%eval 103,0]} c6 {[%eval 113,0]} 16. Bxd4 {
[%eval 103,0]} Qxd4 {[%eval 106,0]} 17. Bf3 {[%eval 158,0]} Bh3 {[%eval 162,0]}
18. e3 {[%eval 154,0]} Qc3 {[%eval 191,0]} 19. Bg2 {[%eval 195,0]} Bxg2 {
[%eval 189,0]} 20. Kxg2 {[%eval 193,0]} Qf6 {[%eval 209,0]} 21. d4 {[%eval 213,
0]} Bb6 {[%eval 217,0]} 22. Qf3 {[%eval 218,0]} Qxf3+ {[%eval 231,0]} 23. Kxf3
{[%eval 219,0]} g6 {[%eval 216,0]} 24. g4 {[%eval 196,0]} Kg7 {[%eval 194,0]}
25. Ng2 {[%eval 195,0]} f5 {[%eval 178,0]} 26. gxf5 {[%eval 189,0]} Rf8 {
[%eval 176,0]} 27. Ke2 {[%eval 183,0]} Rxf5 {[%eval 185,0]} 28. Rg1 {[%eval
173,0]} Re8 {[%eval 174,0]} 29. Rd2 {[%eval 169,0]} Kh7 {[%eval 167,0]} 30. h4
{[%eval 159,0]} Re4 {[%eval 199,0]} 31. f3 {[%eval 194,0]} Re7 {[%eval 200,0]}
32. Rh1 {[%eval 178,0]} Bd8 {[%eval 201,0]} 33. e4 {[%eval 185,0]} Rf8 {
[%eval 189,0]} 34. Rh3 {[%eval 161,0]} Ref7 {[%eval 182,0]} 35. Kf2 {[%eval
155,0]} h5 {[%eval 151,0]} 36. f4 {[%eval 151,0]} Re8 {[%eval 169,0]} 37. Re3 {
[%eval 161,0]} Kh6 {[%eval 182,0]} 38. Kg3 {[%eval 164,0]} Rfe7 {[%eval 198,0]}
39. Kf3 {[%eval 202,0]} Bb6 {[%eval 201,0]} 40. Ree2 {[%eval 205,0]} Rf7 {
[%eval 202,0]} 41. Kg3 {[%eval 198,0]} Rfe7 {[%eval 109,0]} 42. Kf3 {[%eval
197,0]} Rf7 {[%eval 212,0]} 43. Ke3 {[%eval 178,0]} c5 {[%eval 193,0]} 44. d5 {
[%eval 201,0]} Bd8 {[%eval 200,0]} 45. Kd3 {[%eval 174,0]} Bf6 {[%eval 164,0]}
46. Rd1 {[%eval 194,0]} Rfe7 {[%eval 187,0]} 47. Rb1 {[%eval 174,0]} Ra8 {
[%eval 219,0]} 48. a4 {[%eval 173,0]} Rae8 {[%eval 194,0]} 49. Rf1 {[%eval 166,
0]} Rf7 $2 {[%eval 369,0] Mistake. Bd4 was best.} (49... Bd4 50. f5) 50. e5 {
[%eval 336,0]} Bg7 {[%eval 413,0]} 51. e6 {[%eval 405,0]} Rff8 {[%eval 452,0]}
52. Ne3 {[%eval 446,0]} Bf6 {[%eval 429,0]} 53. Rh2 {[%eval 402,0]} Bd4 {
[%eval 498,0]} 54. f5 {[%eval 488,0]} Bxe3 {[%eval 507,0]} 55. Kxe3 {[%eval
492,0]} gxf5 {[%eval 489,0]} 56. Rg2 {[%eval 513,0]} Rg8 {[%eval 549,0]} 57.
Rxg8 {[%eval 533,0]} Rxg8 {[%eval 528,0]} 58. Rxf5 {[%eval 515,0]} Rg1 {
[%eval 526,0]} 59. Rf6+ {[%eval 517,0]} Kg7 {[%eval 517,0]} 60. Rf7+ {[%eval
506,0]} Kg6 {[%eval 491,0]} 61. Rxb7 {[%eval 491,0]} Kf6 {[%eval 573,0]} 62.
Rf7+ {[%eval 564,0]} Kg6 {[%eval 557,0]} 63. Rd7 {[%eval 539,0]} 1-0

[Event "37th Reykjavik op"]
[Site "Reykjavik ISL"]
[Date "2024.03.19"]
[Round "7.16"]
[White "Karsten, Jan"]
[Black "Zhu, Jiner"]
[WhiteElo "2323"]
[BlackElo "2467"]
[Result "0-1"]
[EventDate "2024.03.15"]
[PlyCount "54"]

1. c4 {[%eval 16,0]} Nf6 {[%eval 21,0]} 2. g3 {[%eval 13,0]} e6 {[%eval 35,0]}
3. Bg2 {[%eval 15,0]} d5 {[%eval 25,0]} 4. Nf3 {[%eval 22,0]} Be7 {[%eval 31,0]
} 5. O-O {[%eval 16,0]} O-O {[%eval 29,0]} 6. b3 {[%eval 0,0]} d4 {[%eval 0,0]}
7. e3 {[%eval 0,0]} c5 {[%eval 23,0]} 8. Ne5 {[%eval 8,0]} Qc7 {[%eval 9,0]} 9.
f4 {[%eval 11,0]} Nfd7 {[%eval 7,0]} 10. exd4 {[%eval 11,0]} cxd4 {[%eval 18,0]
} 11. Nd3 {[%eval 16,0]} Nc6 {[%eval 17,0]} 12. Ba3 {[%eval 2,0]} Qd8 {[%eval
14,0]} 13. Qc1 {[%eval 14,0]} a5 {[%eval 12,0]} 14. c5 $4 {[%eval -16,0]
Blunder. Bxe7 was best.} (14. Bxe7 Qxe7) 14... e5 {[%eval -25,0]} 15. Bb2 {
[%eval -185,0]} Nb4 {[%eval -191,0]} 16. Nxb4 $6 {[%eval -119,0] Inaccuracy.
Nxe5 was best.} (16. Nxe5 Nxc5 17. Na3 Bf5 18. g4 Bd3 19. Nxd3 Ncxd3 20. Qb1
Nxb2 21. Qxb2 d3 22. Rad1 Bf6) 16... axb4 {[%eval -105,0]} 17. fxe5 {[%eval
-291,0]} Nxc5 {[%eval -284,0]} 18. Qc2 {[%eval -258,0]} d3 {[%eval -254,0]} 19.
Qc4 {[%eval -295,0]} Be6 {[%eval -265,0]} 20. Qf4 {[%eval -264,0]} Qd7 {
[%eval -272,0]} 21. Rc1 {[%eval -232,0]} Ra5 {[%eval -232,0]} 22. Bd4 $6 {
[%eval -326,0] Inaccuracy. Qd4 was best.} (22. Qd4 Qxd4+ 23. Bxd4 Rd8 24. Bb2
Bf8 25. Bf3 g6 26. Bg2 h5 27. Bf3 Bg7 28. Kf1 Nd7) 22... Rd8 {[%eval -397,0]}
23. Bb2 {[%eval -362,0]} Rda8 {[%eval -377,0]} 24. Qxb4 {[%eval -317,0]} Nxb3 {
[%eval -319,0]} 25. Qxb7 {[%eval -327,0]} Qxb7 {[%eval -392,0]} 26. Bxb7 {
[%eval -311,0]} Nxc1 {[%eval -326,0]} 27. Bxa8 {[%eval -325,0]} Ne2+ {[%eval
-333,0]} 0-1

[Event "37th Reykjavik op"]
[Site "Reykjavik ISL"]
[Date "2024.03.19"]
[Round "7.17"]
[White "Mardell, Jimmy"]
[Black "Hjartarson, Johann"]
[WhiteElo "2172"]
[BlackElo "2460"]
[Result "0-1"]
[EventDate "2024.03.15"]
[PlyCount "62"]

1. d4 {[%eval 15,0]} Nf6 {[%eval 16,0]} 2. c4 {[%eval 16,0]} e6 {[%eval 21,0]}
3. Nc3 {[%eval 8,0]} Bb4 {[%eval 12,0]} 4. e3 {[%eval 0,0]} O-O {[%eval 21,0]}
5. Nge2 {[%eval 0,0]} d5 {[%eval 0,0]} 6. a3 {[%eval 0,0]} Be7 {[%eval 0,0]} 7.
cxd5 {[%eval 0,0]} exd5 {[%eval 8,0]} 8. Nf4 {[%eval 11,0]} c6 {[%eval 1,0]} 9.
Bd3 {[%eval 0,0]} Re8 {[%eval 3,0]} 10. O-O {[%eval 14,0]} Nbd7 {[%eval 8,0]}
11. f3 {[%eval 1,0]} Nf8 {[%eval 5,0]} 12. Bc2 {[%eval 7,0]} Ne6 {[%eval 4,0]}
13. Nxe6 {[%eval 0,0]} Bxe6 {[%eval 7,0]} 14. e4 {[%eval 1,0]} g6 {[%eval 45,0]
} 15. e5 {[%eval 55,0]} Nh5 {[%eval 56,0]} 16. g4 {[%eval 58,0]} Ng7 {[%eval
48,0]} 17. f4 {[%eval 6,0]} f5 {[%eval 4,0]} 18. g5 {[%eval 3,0]} Kf7 {[%eval
0,0]} 19. Kg2 {[%eval 18,0]} Rh8 {[%eval 23,0]} 20. Rh1 {[%eval 33,0]} h6 {
[%eval 17,0]} 21. h4 {[%eval 12,0]} hxg5 {[%eval 18,0]} 22. hxg5 {[%eval 15,0]}
Rxh1 {[%eval 2,0]} 23. Qxh1 {[%eval 6,0]} Qb6 {[%eval 5,0]} 24. Qd1 $6 {
[%eval 62,0] Inaccuracy. Ne2 was best.} (24. Ne2 Re8) 24... Rh8 {[%eval 59,0]}
25. b4 $2 {[%eval -177,0] Mistake. Qd3 was best.} (25. Qd3) 25... Rh4 {[%eval
-7,0]} 26. Kg3 $2 {[%eval -266,0] Mistake. Be3 was best.} (26. Be3 Qd8 27. Qf3
Qh8 28. Ne2 Rh2+ 29. Kg1 Rh3 30. Ng3 Nh5 31. Bf2 Bxg5 32. fxg5 f4) 26... Bxg5 {
[%eval -263,0]} 27. fxg5 {[%eval -222,0]} Rxd4 {[%eval -227,0]} 28. Na4 {
[%eval -353,0]} Rg4+ {[%eval -389,0]} 29. Kf3 {[%eval -344,0]} Qd8 {[%eval
-349,0]} 30. Nc5 {[%eval -497,0]} Qh8 {[%eval -475,0]} 31. Qf1 {[%eval -493,0]}
Qh2 0-1

[Event "37th Reykjavik op"]
[Site "Reykjavik ISL"]
[Date "2024.03.19"]
[Round "7.18"]
[White "Larkin, Vladyslav"]
[Black "Papadiamandis, Elliot"]
[WhiteElo "2450"]
[BlackElo "2302"]
[Result "1/2-1/2"]
[EventDate "2024.03.15"]
[PlyCount "30"]

1. e4 {[%eval 13,0]} c5 {[%eval 33,0]} 2. Ne2 {[%eval 0,0]} d6 {[%eval 43,0]}
3. g3 {[%eval 0,0]} h5 {[%eval 38,0]} 4. h3 {[%eval 13,0]} e5 {[%eval 31,0]} 5.
Bg2 {[%eval 19,0]} Ne7 {[%eval 55,0]} 6. c3 {[%eval 67,0]} h4 {[%eval 52,0]} 7.
g4 {[%eval 59,0]} Ng6 {[%eval 64,0]} 8. d4 {[%eval 68,0]} Be7 {[%eval 71,0]} 9.
dxc5 $6 {[%eval 14,0] Inaccuracy. O-O was best.} (9. O-O Nd7) 9... dxc5 {
[%eval 2,0]} 10. Qxd8+ {[%eval 1,0]} Bxd8 {[%eval 14,0]} 11. Na3 {[%eval 12,0]}
Be6 {[%eval 0,0]} 12. Be3 {[%eval 12,0]} Bb6 {[%eval 5,0]} 13. Nb5 {[%eval 19,
0]} Ke7 {[%eval 9,0]} 14. Rd1 $6 {[%eval 91,0] Inaccuracy. f4 was best.} (14.
f4 a6 15. Na3 exf4 16. Nxf4 Nxf4 17. Bxf4 Nc6 18. O-O-O Rad8 19. b3 f6 20. e5
Nxe5) 14... Na6 $2 {[%eval 67,0] Mistake. c4 was best.} (14... c4) 15. b3 $4 {
[%eval -38,0] Blunder. f4 was best.} (15. f4 Bc4 16. Nd6 Bxa2 17. fxe5 Bb3 18.
Rd2 Rhd8 19. Bg5+ f6 20. exf6+ gxf6 21. Nf4 fxg5) 15... Rhd8 $6 {[%eval 53,0]
Inaccuracy. c4 was best.} (15... c4 16. Rd5 Bxe3 17. fxe3 Rhd8 18. O-O f6 19.
bxc4 Nh8 20. Nc1 Nf7 21. Nb3 Nd6 22. Nxd6) 1/2-1/2

[Event "37th Reykjavik op"]
[Site "Reykjavik ISL"]
[Date "2024.03.19"]
[Round "7.20"]
[White "Cornette, Matthieu"]
[Black "Dimitrijeski, Boris"]
[WhiteElo "2575"]
[BlackElo "2183"]
[Result "1-0"]
[EventDate "2024.03.15"]
[PlyCount "99"]

1. d4 {[%eval 15,0]} d5 {[%eval 25,0]} 2. c4 {[%eval 26,0]} c6 {[%eval 28,0]}
3. Nf3 {[%eval 23,0]} Nf6 {[%eval 28,0]} 4. g3 {[%eval 9,0]} Bf5 {[%eval 37,0]}
5. Nc3 {[%eval 3,0]} e6 {[%eval 44,0]} 6. Nh4 {[%eval 27,0]} dxc4 {[%eval 38,0]
} 7. Nxf5 {[%eval 39,0]} exf5 {[%eval 45,0]} 8. Bg2 {[%eval 9,0]} Nbd7 {
[%eval 39,0]} 9. d5 {[%eval 36,0]} Nxd5 {[%eval 68,0]} 10. Nxd5 {[%eval 76,0]}
cxd5 {[%eval 65,0]} 11. Qxd5 {[%eval 67,0]} Bb4+ {[%eval 74,0]} 12. Kf1 {
[%eval 88,0]} O-O {[%eval 87,0]} 13. Bf4 {[%eval 47,0]} Nb6 $6 {[%eval 102,0]
Inaccuracy. Rc8 was best.} (13... Rc8 14. Qxf5) 14. Qxf5 {[%eval 123,0]} g6 {
[%eval 108,0]} 15. Qc2 {[%eval 178,0]} Qe7 {[%eval 169,0]} 16. Bf3 {[%eval 137,
0]} Rfd8 {[%eval 157,0]} 17. Kg2 {[%eval 144,0]} Bd6 {[%eval 137,0]} 18. Bxd6 {
[%eval 83,0]} Rxd6 {[%eval 84,0]} 19. a4 {[%eval 59,0]} a5 {[%eval 75,0]} 20.
Rhd1 {[%eval 21,0]} Rad8 {[%eval 44,0]} 21. Rxd6 {[%eval 41,0]} Qxd6 {[%eval
41,0]} 22. Qc3 {[%eval 41,0]} Qd2 {[%eval 52,0]} 23. Bxb7 {[%eval 5,0]} Qxc3 {
[%eval 6,0]} 24. bxc3 {[%eval 63,0]} Rd2 {[%eval 100,0]} 25. Bc6 {[%eval 108,0]
} Rb2 {[%eval 101,0]} 26. Rd1 {[%eval 49,0]} Ra2 {[%eval 43,0]} 27. Bb5 {
[%eval 41,0]} Ra3 {[%eval 45,0]} 28. Rd6 {[%eval 26,0]} Nxa4 {[%eval 38,0]} 29.
Bxc4 {[%eval 1,0]} Rxc3 {[%eval 6,0]} 30. Bd5 {[%eval 0,0]} Nc5 $2 {[%eval 165,
0] Mistake. Rc7 was best.} (30... Rc7 31. Ra6 Nc3 32. e4 Nxd5 33. exd5 Rc5 34.
d6 Kg7 35. d7 Rd5 36. Ra7 Kf6 37. Rxa5) 31. Rf6 {[%eval 164,0]} Ne6 {[%eval
216,0]} 32. Bxe6 {[%eval 199,0]} fxe6 {[%eval 193,0]} 33. Rxe6 {[%eval 201,0]}
a4 {[%eval 202,0]} 34. Ra6 {[%eval 197,0]} a3 {[%eval 184,0]} 35. Ra7 {[%eval
177,0]} Rc2 {[%eval 163,0]} 36. e3 $2 {[%eval 39,0] Mistake. Kf3 was best.} (
36. Kf3) 36... a2 {[%eval 74,0]} 37. h4 {[%eval 48,0]} Kf8 $4 {[%eval 243,0]
Blunder. h5 was best.} (37... h5) 38. g4 {[%eval 261,0]} Ke8 {[%eval 206,0]}
39. Kg3 {[%eval 254,0]} Kd8 {[%eval 317,0]} 40. f4 {[%eval 296,0]} Kc8 {
[%eval 352,0]} 41. f5 {[%eval 331,0]} gxf5 {[%eval 364,0]} 42. gxf5 {[%eval
346,0]} Kb8 {[%eval 333,0]} 43. Ra3 {[%eval 367,0]} Kc7 {[%eval 362,0]} 44. Kf4
{[%eval 356,0]} Kd6 {[%eval 329,0]} 45. Ra5 {[%eval 321,0]} Re2 $6 {[%eval 413,
0] Inaccuracy. h6 was best.} (45... h6 46. e4 Kc6 47. Ra8 Kd6 48. Ra6+ Kc5 49.
f6 Kb5 50. Ra8 Rc6 51. Rxa2 Rxf6+ 52. Ke5) 46. e4 {[%eval 409,0]} Rf2+ {
[%eval 471,0]} 47. Kg5 {[%eval 474,0]} Re2 {[%eval 475,0]} 48. e5+ {[%eval 489,
0]} Rxe5 {[%eval 485,0]} 49. Rxa2 {[%eval 482,0]} Re4 {[%eval 508,0]} 50. h5 {
[%eval 507,0]} 1-0